| 000 | 01003cam a22003017a 4500 | ||
|---|---|---|---|
| 003 | CHAP | ||
| 005 | 20220329135413.0 | ||
| 008 | 971013s1957 r 00010 d | ||
| 010 | _a35870 | ||
| 011 | _a36842 | ||
| 035 | _a40961 | ||
| 040 | _cCHAP | ||
| 090 | _aFolleto 8031 | ||
| 100 | 0 | 0 |
_aOcaña, Bernardo. _982626 |
| 245 | 1 | 3 | _aLa producción mecanizada de arroz de secano en Panamá y algunas sugerencias para su mejoramiento |
| 260 |
_aPanamá : _bServicio de Divulgación Agrícola de Panamá, _c1957 |
||
| 300 |
_a70 p. _b: ilus. |
||
| 590 |
_aBATCH-UPD _b10 _c20130110 _lUCH01 _h0255 |
||
| 590 |
_aBATCH-UPD _b10 _c20130110 _lUCH01 _h2222 |
||
| 590 |
_aBATCH-UPD _b10 _c20130410 _lUCH01 _h1520 |
||
| 590 |
_aBATCH-UPD _b10 _c20130914 _lUCH01 _h0409 |
||
| 590 |
_aCONVERSION _b10 _c20130109 _lUCH01 _h1320 |
||
| 650 | 1 | 4 |
_aArroz _xImplementos y maquinaria. _97620 |
| 650 | 1 | 4 |
_aCultivos de secano. _930373 |
| 901 | _aBK | ||
| 942 | _cFOLL | ||
| 949 |
_aFolleto 8031 _bBC _cFOLL _d-93810 _eTS1 _i40961 _si |
||
| 999 |
_c35870 _d35870 |
||